[Event "HUN-chT2 Erkel 1011"]
[Site "Hungary"]
[Date "2011.03.27"]
[Round "7.10"]
[White "Szabey, Geza"]
[Black "Kovacs, Gabor2222"]
[Result "1-0"]
[WhiteElo "1979"]
[BlackElo "2042"]
[PlyCount "79"]
[EventDate "2010.09.12"]
[EventType "team-tourn"]
[EventRounds "11"]
[EventCountry "HUN"]
[SourceTitle "EXT 2012"]
[Source "ChessBase"]
[SourceDate "2011.11.24"]
[SourceVersion "1"]
[SourceVersionDate "2011.11.24"]
[SourceQuality "1"]
[WhiteTeam "Foti"]
[BlackTeam "Toth Laszlo"]
[WhiteTeamCountry "HUN"]
[BlackTeamCountry "HUN"]

1. e4 c5 2. Nf3 e6 3. Bb5 a6 4. Be2 Nc6 5. 0-0 d6 6. d3 Nf6 7. a4 Be7 8. Na3 0-0 9. Bd2 Rb8 10. c3 Qc7 11. Qc2 d5 12. b4 b6 13. b5 Ne5 14. Nxe5 Qxe5 15. bxa6 dxe4 16. dxe4 Qxe4 17. Bd3 Qh4 18. g3 Qh3 19. Bf4 e5 20. Bxe5 Ng4 21. f4 Ra8 22. Rfe1 Nxe5 23. fxe5 Bxa6 24. Nb5 c4 25. Bf5 Bc5+ 26. Nd4 Qh5 27. Qe4 Ra7 28. Qg4 Qh6 29. Qf4 Qh5 30. Be4 Re7 31. Kg2 g6 32. Bf3 Bb7 33. Bxb7 Rxb7 34. Nf3 f5 35. Qxc4+ Kg7 36. a5 f4 37. Rf1 fxg3 38. hxg3 Rbf7 39. g4 Rf4 40. Qxf4 1-0